[Event "DVM U20w 2010"]
[Site "Magdeburg GER"]
[Date "2010.12.29"]
[Round "6"]
[White "Erben, Larissa"]
[Black "Blübaum, Johanna"]
[Result "1-0"]
[Termination "normal"]
[Board "1.1"]
[WhiteElo "2092"]
[BlackElo "2026"]
[WhiteTeam "SV Stuttgart-Wolfbusch"]
[BlackTeam "Schachverein Wesel 1928"]
[PlyCount "71"]
[WhiteFideId "24634590"]
[BlackFideId "24647373"]
[EventCountry "GER"]
[EventRounds "7"]
[EventType "team-swiss"]
[EventDate "2010.12.26"]

1. e4 e6 2. d4 d5 3. Nc3 Bb4 4. exd5 exd5 5. Bd3 Nc6 6. Nge2 Nge7 7. O-O Bg4 8.
f3 Bf5 9. Bg5 f6 10. Bh4 Qd7 11. Bf2 O-O 12. a3 Ba5 13. Na4 Rad8 14. Nc5 Qc8
15. c4 Bxd3 16. Qxd3 Bb6 17. b4 Rfe8 18. Nf4 Bxc5 19. bxc5 Na5 20. cxd5 Nxd5
21. Nxd5 Rxd5 22. Qb5 b6 23. Rfe1 c6 24. Rxe8+ Qxe8 25. Qa6 Qd8 26. Qxa7 Rxd4
27. Re1 Rd1 28. cxb6 Rxe1+ 29. Bxe1 Qd4+ 30. Kh1 Qd3 31. Qb8+ Kf7 32. Qc7+ Kg8
33. Bf2 Qd1+ 34. Bg1 Qb3 35. Qb8+ Kf7 36. Qa7+ 1-0

[Event "DVM U20w 2010"]
[Site "Magdeburg GER"]
[Date "2010.12.29"]
[Round "6"]
[White "Orhan, Eda"]
[Black "Stitterich, Nadine"]
[Result "0-1"]
[Termination "normal"]
[Board "1.2"]
[WhiteElo "1756"]
[BlackElo "2000"]
[WhiteTeam "Schachverein Wesel 1928"]
[BlackTeam "SV Stuttgart-Wolfbusch"]
[PlyCount "92"]
[WhiteFideId "24659258"]
[BlackFideId "24676527"]
[EventCountry "GER"]
[EventRounds "7"]
[EventType "team-swiss"]
[EventDate "2010.12.26"]

1. d4 d5 2. Nf3 c6 3. e3 Bf5 4. c4 e6 5. cxd5 exd5 6. Be2 Nf6 7. O-O Bd6 8. b3
Qe7 9. Bb2 Nbd7 10. Nbd2 O-O 11. Nh4 Bg6 12. Nxg6 hxg6 13. Bd3 Bc7 14. Nf3 Ne4
15. a4 Rfe8 16. Ba3 Qf6 17. b4 g5 18. h3 Qh6 19. Nd2 Nxd2 20. Qxd2 g4 21. Bf5
Nf6 22. Qe2 gxh3 23. Qf3 hxg2 24. Qxg2 g6 25. Bc1 Qg7 26. Bd3 a6 27. Bb2 Qh6
28. Qh1 Nh5 29. Qg2 Kg7 30. Rfe1 Rh8 31. f4 Nf6 32. Kf2 Qh4+ 33. Qg3 Qh2+ 34.
Qg2 Ng4+ 35. Kf1 Qxg2+ 36. Kxg2 Rh2+ 37. Kg3 f5 38. Be2 Rah8 39. Bxg4 Rxb2 40.
Be2 Bd8 41. Rab1 Ra2 42. Ra1 Bh4+ 43. Kg2 Rxa4 44. Rxa4 Bxe1 45. Bd3 Re8 46.
Kf3 Bd2 0-1

[Event "DVM U20w 2010"]
[Site "Magdeburg GER"]
[Date "2010.12.29"]
[Round "6"]
[White "Mijatovic, Andrea"]
[Black "Höpken, Sarah"]
[Result "1-0"]
[Termination "normal"]
[Board "1.3"]
[WhiteElo "1912"]
[BlackElo "1451"]
[WhiteTeam "SV Stuttgart-Wolfbusch"]
[BlackTeam "Schachverein Wesel 1928"]
[PlyCount "77"]
[WhiteFideId "14514524"]
[BlackFideId "12927279"]
[EventCountry "GER"]
[EventRounds "7"]
[EventType "team-swiss"]
[EventDate "2010.12.26"]

1. e4 e5 2. Nf3 Nc6 3. d4 d6 4. dxe5 dxe5 5. Qxd8+ Kxd8 6. Bb5 f6 7. O-O Bd6 8.
Nc3 Bd7 9. Be3 Nge7 10. Rfd1 a6 11. Ba4 Nc8 12. Rd2 Be6 13. Nd5 Kd7 14. Rad1
Rd8 15. c4 b5 16. cxb5 axb5 17. Bxb5 Ra5 18. a4 N8a7 19. Bxa7 Rxa7 20. Rc1 Kc8
21. Rxc6 Bd7 22. Nb6+ Kb7 23. Nxd7 Rxd7 24. Rc1 Rd8 25. Bc6+ Kb6 26. b4 Ra6 27.
Bb5 Ra7 28. Rc6+ Kb7 29. a5 Bxb4 30. Rxd8 Rxa5 31. Ra6 Rxb5 32. Raa8 Kc6 33.
Kf1 Bc3 34. Rg8 g6 35. Rg7 g5 36. Rxh7 Rb4 37. Ra7 Rb7 38. Rxb7 Kxb7 39. Rf7
1-0

[Event "DVM U20w 2010"]
[Site "Magdeburg GER"]
[Date "2010.12.29"]
[Round "6"]
[White "Logwinenko, Maria"]
[Black "Häcker, Katrin"]
[Result "1-0"]
[Termination "normal"]
[Board "1.4"]
[WhiteElo "1273"]
[BlackElo "1611"]
[WhiteTeam "Schachverein Wesel 1928"]
[BlackTeam "SV Stuttgart-Wolfbusch"]
[PlyCount "105"]
[WhiteFideId "12927287"]
[BlackFideId "24667986"]
[EventCountry "GER"]
[EventRounds "7"]
[EventType "team-swiss"]
[EventDate "2010.12.26"]

1. e4 e5 2. Nf3 Nc6 3. Bb5 a6 4. Bc4 Bc5 5. d3 d6 6. Ng5 Nh6 7. h3 Na5 8. Bb3
Nxb3 9. axb3 Qf6 10. Nf3 Bd7 11. c3 O-O-O 12. Bg5 Qg6 13. Bxd8 Rxd8 14. Rg1 f5
15. Nbd2 Rf8 16. Qe2 Qf6 17. O-O-O g5 18. Rgf1 Nf7 19. Nh2 Nd8 20. f3 Ne6 21.
g3 h5 22. Nc4 h4 23. g4 Nf4 24. Qd2 Nxh3 25. exf5 Nf4 26. Ne3 Qf7 27. c4 Bc6
28. Ng2 Re8 29. Nxf4 exf4 30. Kb1 Re3 31. Rde1 Qf6 32. Rd1 Qe5 33. d4 Qf6 34.
dxc5 Rxb3 35. Qd4 Qe7 36. Rde1 dxc5 37. Qh8+ Qd8 38. Qxd8+ Kxd8 39. f6 Be8 40.
Rd1+ Kc8 41. Rfe1 Bg6+ 42. Ka2 Rb6 43. Re5 Rxf6 44. Rxg5 b6 45. Re5 Kb7 46. Rd8
Bf7 47. b3 Bg6 48. g5 Rf7 49. Rh8 Rd7 50. Rxh4 Rd3 51. Re2 Rd4 52. Rh6 Bf5 53.
Rf6 1-0

[Event "DVM U20w 2010"]
[Site "Magdeburg GER"]
[Date "2010.12.29"]
[Round "6"]
[White "Zikeli, Saskia"]
[Black "Anker, Christin"]
[Result "1-0"]
[Termination "normal"]
[Board "2.1"]
[WhiteElo "2069"]
[BlackElo "1894"]
[WhiteTeam "Schachclub Ingersheim"]
[BlackTeam "SpVgg Stetten"]
[PlyCount "83"]
[WhiteFideId "24601543"]
[BlackFideId "1615688"]
[EventCountry "GER"]
[EventRounds "7"]
[EventType "team-swiss"]
[EventDate "2010.12.26"]

1. c4 e5 2. Nc3 Nf6 3. g3 d5 4. cxd5 Nxd5 5. Bg2 Nb6 6. Nf3 Nc6 7. O-O Be7 8.
Rb1 a5 9. d3 O-O 10. Be3 Ra6 11. Qc1 Be6 12. Rd1 f5 13. Ng5 Bd7 14. Nd5 Nc8 15.
Nxe7+ Qxe7 16. Bc5 Nd6 17. a3 h6 18. Nf3 Kh8 19. b4 b6 20. Bxd6 Qxd6 21. b5
Raa8 22. bxc6 Bxc6 23. d4 e4 24. Ne5 Bd5 25. h4 Rf6 26. h5 Kh7 27. Qc2 Re8 28.
g4 Ref8 29. gxf5 Rxf5 30. Bxe4 Bxe4 31. Qxe4 Kg8 32. f3 Rxh5 33. a4 Rff5 34.
Kf2 Rh2+ 35. Ke3 Qf6 36. Rg1 Rh4 37. Rg4 Rxg4 38. Nxg4 Qg5+ 39. Kd3 c5 40. Qe6+
Kh7 41. Rxb6 cxd4 42. Qe4 1-0

[Event "DVM U20w 2010"]
[Site "Magdeburg GER"]
[Date "2010.12.29"]
[Round "6"]
[White "Wisheckel, Lena"]
[Black "Jehle, Anja"]
[Result "0-1"]
[Termination "normal"]
[Board "2.2"]
[WhiteElo "1778"]
[BlackElo "1933"]
[WhiteTeam "SpVgg Stetten"]
[BlackTeam "Schachclub Ingersheim"]
[PlyCount "92"]
[WhiteFideId "24691992"]
[BlackFideId "24631434"]
[EventCountry "GER"]
[EventRounds "7"]
[EventType "team-swiss"]
[EventDate "2010.12.26"]

1. e4 c5 2. Nf3 d6 3. d4 cxd4 4. Nxd4 Nf6 5. Nc3 a6 6. Qe2 e5 7. Nf5 Bxf5 8.
exf5 Nc6 9. Bg5 Be7 10. O-O-O Rc8 11. f4 Nd4 12. Qe1 Qa5 13. Bxf6 gxf6 14. Bd3
b5 15. Kb1 b4 16. Ne2 Nb5 17. Nc1 Nc3+ 18. Ka1 Nxd1 19. Qxd1 Qb6 20. Qe2 a5 21.
Bb5+ Kf8 22. Ba4 Qd4 23. Rf1 Rg8 24. fxe5 dxe5 25. Qh5 Rg7 26. g3 Qg4 27. Qh6
Qg5 28. Qh3 Rd8 29. Qg2 Qd2 30. Qh1 Rg4 31. Kb1 Qd5 32. Qxd5 Rxd5 33. Nb3 e4
34. Kc1 h5 35. Bc6 Re5 36. Kd2 h4 37. Rf4 Rxf4 38. gxf4 Rxf5 39. Bxe4 Rxf4 40.
Ke3 Rf1 41. Nxa5 f5 42. Bd3 Bc5+ 43. Ke2 Rf2+ 44. Ke1 f4 45. h3 Rh2 46. Bf1
Rxc2 0-1

[Event "DVM U20w 2010"]
[Site "Magdeburg GER"]
[Date "2010.12.29"]
[Round "6"]
[White "Mehling, Katharina"]
[Black "Fröschle, Luzie"]
[Result "0-1"]
[Termination "normal"]
[Board "2.4"]
[WhiteElo "1606"]
[BlackElo "1775"]
[WhiteTeam "SpVgg Stetten"]
[BlackTeam "Schachclub Ingersheim"]
[PlyCount "114"]
[WhiteFideId "12900362"]
[BlackFideId "24631221"]
[EventCountry "GER"]
[EventRounds "7"]
[EventType "team-swiss"]
[EventDate "2010.12.26"]

1. d4 d5 2. c4 e6 3. Nc3 Nf6 4. Nf3 c6 5. e3 Nbd7 6. Bd3 Be7 7. O-O O-O 8. e4
dxe4 9. Nxe4 c5 10. dxc5 Nxc5 11. Nxc5 Bxc5 12. Qc2 h6 13. a3 Qc7 14. b4 Be7
15. Bb2 b6 16. Be5 Bd6 17. Bxf6 gxf6 18. Be4 Bb7 19. Rfd1 Rfd8 20. Bxb7 Qxb7
21. Rab1 Rac8 22. Rd3 Qe4 23. Rc3 f5 24. Qxe4 fxe4 25. Nd2 Bxh2+ 26. Kxh2 Rxd2
27. Kg1 f5 28. c5 Kf7 29. c6 b5 30. a4 a6 31. axb5 axb5 32. Kf1 Rc7 33. Ke1 Rd4
34. Ke2 Ke7 35. Rh1 Rxb4 36. Rxh6 Rc4 37. Rb3 Rc5 38. Ke3 R7xc6 39. Kf4 Rb6 40.
Rg6 b4 41. g4 Kf7 42. Rg5 Kf6 43. Rh5 e5+ 44. Kg3 f4+ 45. Kg2 Kg6 46. Rh1 Rc3
47. Rb2 Kg5 48. Rh5+ Kxg4 49. Rh7 b3 50. Rg7+ Kf5 51. Rf7+ Kg6 52. Re7 Kf6 53.
Rh7 Rb8 54. Ra7 Rc2 55. Rxc2 bxc2 56. Rc7 Rb2 57. Kf1 Rb1+ 0-1

[Event "DVM U20w 2010"]
[Site "Magdeburg GER"]
[Date "2010.12.29"]
[Round "6"]
[White "Stark, Saskia"]
[Black "Schulz, Anja"]
[Result "1/2-1/2"]
[Termination "normal"]
[Board "3.1"]
[WhiteElo "1978"]
[BlackElo "2045"]
[WhiteTeam "SG Grün-Weiß Dresden"]
[BlackTeam "USC Magdeburg"]
[PlyCount "29"]
[WhiteFideId "4601050"]
[BlackFideId "24647845"]
[EventCountry "GER"]
[EventRounds "7"]
[EventType "team-swiss"]
[EventDate "2010.12.26"]

1. e4 c5 2. Nc3 Nc6 3. f4 g6 4. Nf3 Bg7 5. Bc4 e6 6. f5 Nge7 7. fxe6 dxe6 8.
O-O O-O 9. d3 a6 10. a4 Nd4 11. Nxd4 Qxd4+ 12. Kh1 Nc6 13. Qe1 b6 14. Be3 Qd6
15. Qh4 1/2-1/2

[Event "DVM U20w 2010"]
[Site "Magdeburg GER"]
[Date "2010.12.29"]
[Round "6"]
[White "Heinemann, Josefine"]
[Black "Lorenz, Nicole"]
[Result "1/2-1/2"]
[Termination "normal"]
[Board "3.2"]
[WhiteElo "1578"]
[BlackElo "1887"]
[WhiteTeam "USC Magdeburg"]
[BlackTeam "SG Grün-Weiß Dresden"]
[PlyCount "27"]
[WhiteFideId "12900460"]
[BlackFideId "24623709"]
[EventCountry "GER"]
[EventRounds "7"]
[EventType "team-swiss"]
[EventDate "2010.12.26"]

1. e4 c5 2. Nf3 Nc6 3. d4 cxd4 4. Nxd4 Nf6 5. Nc3 d6 6. Bg5 e6 7. Qd2 Qb6 8.
Nb3 a6 9. f3 Bd7 10. O-O-O Qc7 11. Kb1 O-O-O 12. Qf2 Be8 13. Be3 Nd7 14. f4
1/2-1/2

[Event "DVM U20w 2010"]
[Site "Magdeburg GER"]
[Date "2010.12.29"]
[Round "6"]
[White "Kosovska, Olena"]
[Black "Weiß, Katharina"]
[Result "1-0"]
[Termination "normal"]
[Board "3.3"]
[WhiteElo "1872"]
[BlackElo "1776"]
[WhiteTeam "SG Grün-Weiß Dresden"]
[BlackTeam "USC Magdeburg"]
[PlyCount "53"]
[WhiteFideId "4647963"]
[BlackFideId "24692859"]
[EventCountry "GER"]
[EventRounds "7"]
[EventType "team-swiss"]
[EventDate "2010.12.26"]

1. c4 c5 2. Nc3 Nc6 3. g3 g6 4. Bg2 Bg7 5. e3 e6 6. Nge2 Nge7 7. O-O O-O 8. d4
cxd4 9. Nxd4 d5 10. cxd5 exd5 11. Re1 Re8 12. Nde2 d4 13. exd4 Nxd4 14. Nxd4
Bxd4 15. Nb5 Bc5 16. Qxd8 Rxd8 17. Bg5 Rd7 18. Rac1 Bb4 19. Re4 Nc6 20. Bh6 Be7
21. Rce1 a6 22. Na3 f5 23. R4e3 Bc5 24. Re8+ Kf7 25. Rh8 Kf6 26. h4 Be7 27.
Rxh7 1-0

[Event "DVM U20w 2010"]
[Site "Magdeburg GER"]
[Date "2010.12.29"]
[Round "6"]
[White "Cejda, Cecilia"]
[Black "Schreiber, Stefanie"]
[Result "0-1"]
[Termination "normal"]
[Board "3.4"]
[WhiteElo "928"]
[BlackElo "1256"]
[WhiteTeam "USC Magdeburg"]
[BlackTeam "SG Grün-Weiß Dresden"]
[PlyCount "120"]
[WhiteFideId "12921122"]
[EventCountry "GER"]
[EventRounds "7"]
[EventType "team-swiss"]
[EventDate "2010.12.26"]

1. e4 c5 2. Nc3 Nc6 3. Bc4 e6 4. Nf3 Be7 5. d3 d6 6. e5 dxe5 7. O-O Nf6 8. Re1
O-O 9. Nxe5 Nxe5 10. Rxe5 Qd4 11. Rg5 Nd7 12. Be3 Qd6 13. Rxg7+ Kxg7 14. Qg4+
Kh8 15. Bh6 Rg8 16. Qh3 Bf8 17. Ne4 Qe7 18. Qh5 Bxh6 19. Qxh6 Qf8 20. Qf4 Qg7
21. g3 Rf8 22. Bb5 Qxb2 23. Rc1 Qe5 24. Bxd7 Qxf4 25. gxf4 Bxd7 26. Nf6 Bc6 27.
Rd1 Kg7 28. Nh5+ Kh6 29. Nf6 Kg6 30. Ng4 f6 31. Ne3 Rad8 32. Kf1 Rd7 33. Ke2
Rfd8 34. f5+ Kf7 35. fxe6+ Kxe6 36. f4 Rg8 37. f5+ Kf7 38. c3 b5 39. c4 bxc4
40. Nxc4 Rgd8 41. Na5 Bb5 42. Nb7 Rxb7 43. Rc1 Rxd3 44. Kf2 Rbd7 45. Rxc5 a6
46. Rc8 R3d4 47. Rh8 Kg7 48. Rc8 Rc4 49. Rxc4 Bxc4 50. a4 Rd3 51. a5 Kh6 52. h4
Kh5 53. Ke2 Kg4 54. h5 Kf4 55. h6 Bb5 56. Kf2 Rd2+ 57. Ke1 Rh2 58. Kd1 Ke3 59.
Kc1 Kd3 60. Kd1 Rh1# 0-1

[Event "DVM U20w 2010"]
[Site "Magdeburg GER"]
[Date "2010.12.29"]
[Round "6"]
[White "Wilke, Tabea"]
[Black "Bachem, Sabrina"]
[Result "0-1"]
[Termination "normal"]
[Board "4.1"]
[WhiteElo "994"]
[BlackElo "1497"]
[WhiteTeam "SC Hattersheim"]
[BlackTeam "TTC GW Fritzdorf"]
[PlyCount "106"]
[WhiteFideId "12910015"]
[EventCountry "GER"]
[EventRounds "7"]
[EventType "team-swiss"]
[EventDate "2010.12.26"]

1. e4 e5 2. Nf3 Nc6 3. Bb5 d6 4. h3 Bd7 5. O-O Nf6 6. d3 Be7 7. Re1 O-O 8. Nbd2
a6 9. Ba4 b5 10. Bb3 Na5 11. Nf1 c5 12. c3 Bc6 13. Ng3 Bd7 14. d4 Qc7 15. Nf5
Bxf5 16. exf5 e4 17. Ng5 Nxb3 18. axb3 d5 19. Re3 h6 20. Rg3 Bd6 21. f4 hxg5
22. Qf1 Bxf4 23. Bxf4 Qxf4 24. Qxf4 gxf4 25. Rg5 cxd4 26. cxd4 e3 27. Kf1 Rfc8
28. Rb1 Rc2 29. Ke1 Rac8 30. h4 Rc1+ 31. Rxc1 Rxc1+ 32. Ke2 Ne4 33. f6 Nxf6 34.
Rf5 Rc2+ 35. Kd1 e2+ 36. Ke1 Ne4 37. Rxf4 Ng3 38. Kf2 Rc1 39. Kxg3 e1=Q+ 40.
Kg4 Qe6+ 41. Kg3 Re1 42. h5 Qh6 43. b4 Qg5+ 44. Kf2 Qxf4+ 45. Kxe1 Qxd4 46. Kf1
Qxb2 47. g4 d4 48. g5 d3 49. h6 gxh6 50. gxh6 Qe2+ 51. Kg1 d2 52. h7+ Kxh7 53.
Kh1 d1=R# 0-1

[Event "DVM U20w 2010"]
[Site "Magdeburg GER"]
[Date "2010.12.29"]
[Round "6"]
[White "Bachem, Lisa"]
[Black "Neisius, Laura"]
[Result "1-0"]
[Termination "normal"]
[Board "4.2"]
[WhiteElo "1487"]
[BlackElo "1002"]
[WhiteTeam "TTC GW Fritzdorf"]
[BlackTeam "SC Hattersheim"]
[PlyCount "51"]
[WhiteFideId "12909912"]
[BlackFideId "12910040"]
[EventCountry "GER"]
[EventRounds "7"]
[EventType "team-swiss"]
[EventDate "2010.12.26"]

1. e4 e6 2. d4 d5 3. e5 c5 4. c3 Nc6 5. Nf3 Qb6 6. Be2 Nh6 7. b3 Nf5 8. Bb2
cxd4 9. cxd4 Bb4+ 10. Bc3 Ncxd4 11. Nxd4 Nxd4 12. Bb5+ Nxb5 13. Bxb4 a5 14. Bd2
O-O 15. Nc3 f6 16. exf6 Rxf6 17. O-O Qc6 18. Nxb5 Qxb5 19. Rc1 Rg6 20. Qf3 e5
21. Rc7 Bg4 22. Qf7+ Kh8 23. Rfc1 Qd3 24. Rc8+ Rxc8 25. Rxc8+ Bxc8 26. Qf8# 1-0

[Event "DVM U20w 2010"]
[Site "Magdeburg GER"]
[Date "2010.12.29"]
[Round "6"]
[White "Rosmanitz, Anna"]
[Black "Sturm, Johanna"]
[Result "0-1"]
[Termination "normal"]
[Board "4.3"]
[WhiteElo "991"]
[BlackElo "1441"]
[WhiteTeam "SC Hattersheim"]
[BlackTeam "TTC GW Fritzdorf"]
[PlyCount "88"]
[WhiteFideId "12910058"]
[BlackFideId "12909904"]
[EventCountry "GER"]
[EventRounds "7"]
[EventType "team-swiss"]
[EventDate "2010.12.26"]

1. e4 e5 2. Nf3 Nc6 3. Bb5 d6 4. d3 Be7 5. Nc3 Bd7 6. O-O Nf6 7. Be3 O-O 8. Qd2
Bg4 9. Qe2 Nd4 10. Bxd4 exd4 11. Nd5 Nxd5 12. exd5 Bf6 13. Qe4 Bxf3 14. Qxf3
Be5 15. Qg4 f5 16. Qe2 Qh4 17. g3 Qg4 18. Qxg4 fxg4 19. Rac1 Rf3 20. Kg2 Raf8
21. Bd7 h5 22. Rce1 Kh7 23. Re4 Kh6 24. h3 gxh3+ 25. Bxh3 Bxg3 26. Re2 Be5 27.
Kh1 Rxh3+ 28. Kg2 Rhf3 29. c3 dxc3 30. bxc3 Bxc3 31. Rc2 Ba5 32. d4 R3f5 33.
Kh3 Rxd5 34. Rc4 Rf4 35. Rb1 Bb6 36. Re1 Rdxd4 37. Rxd4 Rxd4 38. Re6+ g6 39.
Re8 Rd3+ 40. Kg2 h4 41. Rh8+ Kg5 42. Kh2 Bxf2 43. Rf8 Bg3+ 44. Kh3 Rd2 0-1

[Event "DVM U20w 2010"]
[Site "Magdeburg GER"]
[Date "2010.12.29"]
[Round "6"]
[White "Jentsch, Jasmin"]
[Black "Heyd, Julia"]
[Result "1-0"]
[Termination "normal"]
[Board "4.4"]
[WhiteElo "1215"]
[BlackElo "1000"]
[WhiteTeam "TTC GW Fritzdorf"]
[BlackTeam "SC Hattersheim"]
[PlyCount "41"]
[WhiteFideId "12909920"]
[BlackFideId "12927317"]
[EventCountry "GER"]
[EventRounds "7"]
[EventType "team-swiss"]
[EventDate "2010.12.26"]

1. e4 e5 2. Nf3 Nc6 3. Bc4 Bc5 4. c3 Nf6 5. d4 Bd6 6. d5 Na5 7. Bd3 c6 8. dxc6
dxc6 9. b4 Nc4 10. Bxc4 Nxe4 11. Qe2 Bf5 12. Bd3 Bg4 13. Qxe4 Bxf3 14. Qxf3 O-O
15. Qh3 f6 16. Qxh7+ Kf7 17. Bg6+ Ke6 18. Bf5+ Kf7 19. Qg6+ Kg8 20. Be6+ Kh8
21. Qh5# 1-0

[Event "DVM U20w 2010"]
[Site "Magdeburg GER"]
[Date "2010.12.29"]
[Round "6"]
[White "Balsakow, Christine"]
[Black "Hoffmann, Hanna Dorina"]
[Result "0-1"]
[Termination "normal"]
[Board "5.1"]
[WhiteElo "1383"]
[BlackElo "1549"]
[WhiteTeam "SK Nordhorn-Blanke"]
[BlackTeam "Dortmunder SV 1875"]
[PlyCount "74"]
[BlackFideId "12909858"]
[EventCountry "GER"]
[EventRounds "7"]
[EventType "team-swiss"]
[EventDate "2010.12.26"]

1. e4 e5 2. d4 exd4 3. Qxd4 Nc6 4. Qe3 g6 5. Nc3 Bg7 6. Bd2 Nge7 7. Bd3 d6 8.
f4 Bd7 9. O-O-O Nd4 10. Nf3 c5 11. h4 Bg4 12. Rdf1 O-O 13. e5 Nef5 14. Qe1 Bxf3
15. gxf3 Re8 16. Be4 dxe5 17. Qf2 Bh6 18. Bxb7 Rb8 19. Be4 Qb6 20. b3 Bxf4 21.
Bxf4 exf4 22. Bxf5 Nxf5 23. Na4 Qf6 24. Nxc5 Rbd8 25. Kb1 Ng3 26. Ne4 Nxe4 27.
fxe4 Rxe4 28. Qxa7 Qc3 29. Qa3 Rde8 30. Qc1 f3 31. a4 f2 32. Ka2 Re2 33. Rxf2
Rxf2 34. Kb1 Ree2 35. Rd1 Rxc2 36. Qxc2 Qxc2+ 37. Ka1 Qa2# 0-1

[Event "DVM U20w 2010"]
[Site "Magdeburg GER"]
[Date "2010.12.29"]
[Round "6"]
[White "Friese, Sarah"]
[Black "Kleinschmidt, Annika"]
[Result "1/2-1/2"]
[Termination "normal"]
[Board "5.2"]
[WhiteElo "1490"]
[BlackElo "1552"]
[WhiteTeam "Dortmunder SV 1875"]
[BlackTeam "SK Nordhorn-Blanke"]
[PlyCount "94"]
[WhiteFideId "24691950"]
[BlackFideId "24670049"]
[EventCountry "GER"]
[EventRounds "7"]
[EventType "team-swiss"]
[EventDate "2010.12.26"]

1. e4 c5 2. Nf3 Nc6 3. d4 cxd4 4. Nxd4 g6 5. Be3 Bg7 6. Nc3 Nf6 7. Qd2 O-O 8.
f3 d5 9. O-O-O dxe4 10. fxe4 Nxd4 11. Bxd4 Be6 12. g3 a6 13. Bg2 Rc8 14. Rhe1
b5 15. a3 Qc7 16. Qf4 Qc4 17. Bf1 Qc7 18. Qxc7 Rxc7 19. Bxf6 Bxf6 20. Nd5 Bg5+
21. Kb1 Rd7 22. Nf4 Bxf4 23. Rxd7 Bxd7 24. gxf4 Bc6 25. Bd3 Rd8 26. h4 Rd4 27.
Re3 e6 28. c3 Rd7 29. e5 Kg7 30. Kc2 Kh6 31. Be2 g5 32. hxg5+ Kg6 33. Bd3+ Kh5
34. Re1 Kg4 35. Rf1 Bg2 36. Rg1 Kf3 37. Bxh7 Bh3 38. Rh1 Bg2 39. Rd1 Rxd1 40.
Kxd1 Kxf4 41. Bg8 Kxg5 42. Bxf7 Kf5 43. Kc2 Kxe5 44. Kb3 Kf6 45. Bxe6 Kxe6 46.
c4 bxc4+ 47. Kxc4 Kd6 1/2-1/2

[Event "DVM U20w 2010"]
[Site "Magdeburg GER"]
[Date "2010.12.29"]
[Round "6"]
[White "Warmer, Marina"]
[Black "Finke, Lara"]
[Result "1/2-1/2"]
[Termination "normal"]
[Board "5.3"]
[WhiteElo "1519"]
[BlackElo "1270"]
[WhiteTeam "SK Nordhorn-Blanke"]
[BlackTeam "Dortmunder SV 1875"]
[PlyCount "85"]
[WhiteFideId "12909840"]
[BlackFideId "12909874"]
[EventCountry "GER"]
[EventRounds "7"]
[EventType "team-swiss"]
[EventDate "2010.12.26"]

1. e4 e5 2. Nf3 Nc6 3. d4 exd4 4. Nxd4 Bc5 5. Be3 Qf6 6. c3 Nge7 7. Bc4 Ne5 8.
Bb3 d6 9. Rf1 Bd7 10. h3 Qh4 11. Qc2 Rf8 12. Nd2 f5 13. exf5 Nxf5 14. Qe4 Qxe4
15. Nxe4 Nxe3 16. fxe3 Rxf1+ 17. Kxf1 O-O-O 18. Ke2 Rf8 19. Rd1 Bxd4 20. exd4
Bb5+ 21. Kd2 Nd3 22. Kc2 Nf2 23. Nxf2 Rxf2+ 24. Rd2 Rxd2+ 25. Kxd2 Bf1 26. Bd5
c6 27. Bf3 Kd8 28. Ke3 Ke7 29. h4 Bc4 30. a3 h6 31. Kf4 Kf6 32. g3 Be6 33. Bd1
b6 34. b4 g5+ 35. hxg5+ hxg5+ 36. Ke3 Bc4 37. Bf3 c5 38. dxc5 dxc5 39. bxc5
bxc5 40. Be4 Ke5 41. Bg6 a6 42. Kf3 Be6 43. Ke3 1/2-1/2

[Event "DVM U20w 2010"]
[Site "Magdeburg GER"]
[Date "2010.12.29"]
[Round "6"]
[White "Büttner, Sarah"]
[Black "Veelders, Sarah"]
[Result "1-0"]
[Termination "normal"]
[Board "5.4"]
[WhiteElo "1285"]
[BlackElo "1085"]
[WhiteTeam "Dortmunder SV 1875"]
[BlackTeam "SK Nordhorn-Blanke"]
[PlyCount "57"]
[WhiteFideId "12909866"]
[BlackFideId "12913421"]
[EventCountry "GER"]
[EventRounds "7"]
[EventType "team-swiss"]
[EventDate "2010.12.26"]

1. d4 d5 2. c4 e6 3. Nc3 Nf6 4. Bg5 Nbd7 5. Nf3 c6 6. cxd5 cxd5 7. e4 Qa5 8.
Bxf6 Nxf6 9. e5 Ne4 10. Qb3 Bb4 11. Rc1 Bd7 12. a3 Ba4 13. axb4 Bxb3 14. bxa5
Rc8 15. Bb5+ Ke7 16. O-O Rhd8 17. Nxe4 dxe4 18. Rxc8 Rxc8 19. Nd2 Bd5 20. Ba4
h5 21. Bb3 Bc6 22. Rc1 Kd7 23. h3 g5 24. Bd1 h4 25. Bh5 Ke7 26. Nxe4 f6 27.
Nxf6 Rd8 28. Rc4 Bb5 29. Rc7+ 1-0